[Event "III Copa Marcel Duchamp 2019"]
[Site "Montevideo"]
[Date "2019.02.14"]
[Round "7.27"]
[White "Benoit, Rodrigo"]
[Black "Pena Canapa, Alfredo"]
[Result "1-0"]
[WhiteElo "2189"]
[BlackElo "1867"]
[Annotator "NA RC"]
[PlyCount "57"]
[EventDate "2019.02.09"]
[EventType "swiss"]
[EventCountry "URU"]
[SourceTitle "playchess.com"]
[Source "ChessBase"]
[SourceQuality "1"]
[TimeControl "5400+30"]

1. d4 d5 2. c4 dxc4 3. e3 Nf6 4. Bxc4 e6 5. Nf3 Be7 6. O-O c5 7. Nc3 O-O 8. dxc5 Nbd7 9. c6 bxc6 10. e4 Nb6 11. Bd3 Qc7 12. Qe2 e5 13. h3 h6 14. Be3 Rd8 15. Rac1 Qd7 16. Nxe5 Qe6 17. f4 c5 18. Nb5 Ba6 19. Bxc5 Bxc5+ 20. Rxc5 Qxa2 21. Kh2 Bxb5 22. Bxb5 Rd4 23. Bd3 Na4 24. Rc2 Nb6 25. Nc6 Rd7 26. e5 Re8 27. Qf3 Nh7 28. Bf5 Rb7 29. Nb4 1-0

[Event "III Copa Marcel Duchamp 2019"]
[Site "Montevideo"]
[Date "2019.02.14"]
[Round "7.28"]
[White "Barandiaran, Gabriel"]
[Black "Munoz Perez, Rolando"]
[Result "1-0"]
[WhiteElo "1836"]
[BlackElo "2130"]
[Annotator "TA"]
[PlyCount "89"]
[EventDate "2019.02.09"]
[EventType "swiss"]
[EventCountry "URU"]
[SourceTitle "playchess.com"]
[Source "ChessBase"]
[SourceQuality "1"]

{[%evp 10,89,0,0,0,-3,-3,-6,0,-4,17,0,13,10,158,162,177,181,191,183,170,145,181,175,169,177,216,225,250,254,268,241,256,249,227,239,243,214,227,231,218,203,221,178,295,183,363,357,341,310,3102,2559,5002,4998,4894,4576,29987,29988,29988,29989,29989,29984,29986,29987,29983,29984,29984,29985,29990,29984,29984,29984,29993,29994,29994,29995,29995,29992,29992,29993,29993,29994]} 1. b4 Nf6 2. Bb2 e6 3. b5 b6 4. Nf3 Bb7 5. e3 Be7 6. Be2 {LiveBook: 4 Games. A00: Irregular Openings} O-O (6... a6 7. a4 axb5 8. axb5 Rxa1 9. Bxa1 d6 10. d4 Nbd7 11. O-O Qa8 12. Nbd2 g5 13. Ne1 g4 {0-1 (40) Bogdanovich,S (2602)-Nouri,H (2344) Ho Chi Minh City 2017}) 7. O-O a6 8. a4 {The position is equal.} c6 9. c4 d5 $146 ({Predecessor:} 9... d6 10. d4 axb5 11. axb5 Rxa1 12. Bxa1 cxb5 13. cxb5 {½-½ (29) Glenne,B (2250)-Ernst,T (2485) Gausdal 1994}) 10. d4 Nbd7 11. Nc3 Rc8 (11... axb5 $11 12. axb5 Rxa1 13. Qxa1 c5) 12. cxd5 $16 exd5 13. bxa6 Ba8 14. Qb3 Re8 15. Rfc1 Bd6 16. Ba3 Bb8 17. Rab1 $36 {[%mdl 2048] White is in control.} Ne4 18. Nxe4 dxe4 19. Nd2 c5 20. Bc4 Qf6 21. dxc5 bxc5 22. Bb2 Ne5 23. Rd1 Qf5 24. Bxe5 $1 Bxe5 25. Nf1 h5 26. Bd5 h4 (26... Bxd5 $142 27. Rxd5 (27. Qxd5 c4 $16) 27... Qe6) 27. h3 g5 $2 {[#]} (27... Bxd5 28. Rxd5 c4) 28. Nh2 $18 Bxh2+ 29. Kxh2 Rb8 $2 (29... Re7 30. Bxa8 Rxa8) 30. Qxb8 Rxb8 31. Rxb8+ Kg7 32. Rxa8 Qxf2 33. Ra7 {White mates.} Qg3+ 34. Kh1 g4 35. Bxf7 gxh3 36. Be6+ Kf6 37. Bxh3 Qxe3 38. Rad7 Qa3 39. a7 Qxa4 40. Kh2 e3 41. R1d6+ Kg5 42. Rf7 {[%csl Gh3][%cal Rf7f5]} Qe4 43. Rf5+ Qxf5 44. Bxf5 e2 45. Re6 {Precision: White = 77%, Black = 26%.} 1-0

[Event "III Copa Marcel Duchamp 2019"]
[Site "Montevideo"]
[Date "2019.02.14"]
[Round "7.29"]
[White "Silva Rosas, Natalia"]
[Black "Vazquez, Facundo"]
[Result "0-1"]
[WhiteElo "1830"]
[BlackElo "2019"]
[Annotator "NA RC"]
[PlyCount "70"]
[EventDate "2019.02.09"]
[EventType "swiss"]
[EventCountry "URU"]
[SourceTitle "playchess.com"]
[Source "ChessBase"]
[SourceQuality "1"]
[TimeControl "5400+30"]

1. f4 Nf6 2. Nf3 g6 3. g3 d5 4. d3 Bg7 5. Bg2 O-O 6. O-O Nc6 7. c3 Re8 8. d4 e6 9. Qe1 b6 10. h3 Na5 11. b4 Nc4 12. Na3 Nd6 13. g4 Nfe4 14. Ne5 c5 15. Nc2 Bb7 16. bxc5 bxc5 17. dxc5 Nxc5 18. Be3 Nce4 19. Bd4 f6 20. Rb1 Qc7 21. Nd3 e5 22. fxe5 fxe5 23. Be3 Nxc3 24. Rb3 Nce4 25. Na3 d4 26. Rxb7 Qxb7 27. Nc5 Qe7 28. Nxe4 Nxe4 29. Bc1 Nc3 30. Bxa8 Rxa8 31. Qd2 e4 32. Qc2 Qe6 33. Rf4 d3 34. exd3 exd3 35. Qg2 Rc8 0-1

[Event "III Copa Marcel Duchamp 2019"]
[Site "Montevideo"]
[Date "2019.02.14"]
[Round "7.30"]
[White "Quevedo, Andreina"]
[Black "Siddeley, Hugh"]
[Result "0-1"]
[WhiteElo "1819"]
[BlackElo "1968"]
[Annotator "NA RC"]
[PlyCount "120"]
[EventDate "2019.02.09"]
[EventType "swiss"]
[EventCountry "URU"]
[SourceTitle "playchess.com"]
[Source "ChessBase"]
[SourceQuality "1"]
[TimeControl "5400+30"]

1. e4 c5 2. Nf3 Nc6 3. d4 cxd4 4. Nxd4 e5 5. Nb5 d6 6. N1c3 a6 7. Na3 b5 8. Nd5 Nce7 9. Be3 Nxd5 10. Qxd5 Be6 11. Qd3 d5 12. Nxb5 Qa5+ 13. Nc3 d4 14. Bxd4 exd4 15. Qxd4 Nf6 16. Bd3 Bb4 17. a3 Bxc3+ 18. Qxc3 Qxc3+ 19. bxc3 Ke7 20. Rb1 Ra7 21. Kd2 Rd8 22. f3 Nd7 23. Rb4 Nc5 24. Rhb1 Rad7 25. Ke2 Nxd3 26. cxd3 Rxd3 27. Rb7+ Ke8 28. Rc7 Rd2+ 29. Kf1 Rd1+ 30. Rxd1 Rxd1+ 31. Ke2 Ra1 32. f4 g6 33. Ke3 Rxa3 34. Kd4 Ra4+ 35. Ke5 Rc4 36. Ra7 Rc6 37. f5 gxf5 38. exf5 Bc8 39. g4 Kf8 40. Kd4 Kg7 41. c4 h5 42. h3 hxg4 43. hxg4 Rd6+ 44. Ke5 Rd7 45. Ra8 f6+ 46. Ke6 Rc7+ 47. Kd6 Rxc4 48. Ra7+ Kf8 49. Ra8 Ke8 50. Kd5 Rc1 51. Kd6 Kd8 52. Ra7 Rd1+ 53. Kc6 Rd7 54. Ra8 Rg7 55. Kb6 Rxg4 56. Ra7 Rb4+ 57. Kc6 Rb7 58. Ra8 Rb5 59. Ra7 Bb7+ 60. Kd6 Kc8 0-1

[Event "III Copa Marcel Duchamp 2019"]
[Site "Montevideo"]
[Date "2019.02.14"]
[Round "7.31"]
[White "Ortiz, Jorge"]
[Black "Araque, Jairo"]
[Result "1/2-1/2"]
[WhiteElo "1809"]
[BlackElo "1961"]
[Annotator "NA RC"]
[PlyCount "71"]
[EventDate "2019.02.09"]
[EventType "swiss"]
[EventCountry "URU"]
[SourceTitle "playchess.com"]
[Source "ChessBase"]
[SourceQuality "1"]
[TimeControl "5400+30"]

1. e4 e5 2. Nf3 Nc6 3. d4 exd4 4. Bc4 Bc5 5. Ng5 Nh6 6. Nxf7 Nxf7 7. Bxf7+ Kxf7 8. Qh5+ g6 9. Qxc5 d6 10. Qg5 Qxg5 11. Bxg5 Re8 12. f3 Kg7 13. O-O Be6 14. a3 Ne5 15. Nd2 h6 16. Bf4 g5 17. Bxe5+ dxe5 18. Rf2 Re7 19. g3 Rf8 20. Kg2 c5 21. b3 Rc7 22. Nc4 Bxc4 23. bxc4 Rf6 24. Rb1 Ra6 25. Rb3 Ra4 26. f4 gxf4 27. gxf4 exf4 28. Rxf4 Rxc4 29. Rg3+ Kh7 30. Rf2 Rg7 31. e5 Re7 32. e6 Rc3 33. Rg4 Rg7 34. Rf7 Rxc2+ 35. Kg3 Rc3+ 36. Kg2 1/2-1/2

[Event "III Copa Marcel Duchamp 2019"]
[Site "Montevideo"]
[Date "2019.02.14"]
[Round "7.32"]
[White "Reolon, Victor"]
[Black "Escofet, Jaime"]
[Result "0-1"]
[WhiteElo "1714"]
[BlackElo "1957"]
[Annotator "NA RC"]
[PlyCount "118"]
[EventDate "2019.02.09"]
[EventType "swiss"]
[EventCountry "URU"]
[SourceTitle "playchess.com"]
[Source "ChessBase"]
[SourceQuality "1"]
[TimeControl "5400+30"]

1. e4 c6 2. d4 d5 3. exd5 cxd5 4. c4 Nf6 5. Nc3 e6 6. Nf3 Be7 7. Bf4 O-O 8. c5 b6 9. Qb3 Nc6 10. cxb6 axb6 11. Bb5 Na5 12. Qc2 Bd7 13. O-O Nc4 14. Bxd7 Qxd7 15. b3 Na3 16. Qd3 Rac8 17. Rfc1 Qb7 18. Nd2 Rc6 19. h3 Rfc8 20. Nf3 Nd7 21. g4 Bd6 22. Bxd6 Rxd6 23. Nb5 Nxb5 24. Qxb5 Rdc6 25. Rxc6 Qxc6 26. Qxc6 Rxc6 27. Kf1 f6 28. Ke2 Kf7 29. Kd2 Ke7 30. h4 e5 31. Re1 Kd6 32. g5 b5 33. Rg1 Ra6 34. Ra1 b4 35. Ke2 Ke7 36. Kd2 Kd6 37. Ke2 Nf8 38. Ne1 Ne6 39. dxe5+ fxe5 40. Nd3 Nd4+ 41. Kd1 Nc6 42. Rc1 e4 43. Nf4 Rxa2 44. Nh5 g6 45. Nf6 Rxf2 46. Ne8+ Ke7 47. Rxc6 Kxe8 48. Rc7 Rf7 49. Rc5 Rd7 50. Rc8+ Ke7 51. Rb8 Ke6 52. Rxb4 Ke5 53. Rb8 d4 54. b4 Kf4 55. b5 Ke3 56. b6 Rf7 57. b7 d3 58. Kc1 d2+ 59. Kd1 Rf1+ 0-1

[Event "III Copa Marcel Duchamp 2019"]
[Site "Montevideo"]
[Date "2019.02.15"]
[Round "8.1"]
[White "Felgaer, Ruben"]
[Black "Tristan, Leonardo"]
[Result "1/2-1/2"]
[WhiteElo "2562"]
[BlackElo "2493"]
[Annotator "TA"]
[PlyCount "102"]
[EventDate "2019.02.09"]
[EventType "swiss"]
[EventCountry "URU"]
[SourceTitle "playchess.com"]
[Source "ChessBase"]
[SourceQuality "1"]

{[%evp 15,102,42,53,42,60,56,54,47,45,44,52,47,72,0,27,-34,0,-36,0,0,35,7,3,6,14,-74,-76,-68,-56,-67,0,0,18,12,11,17,14,0,0,-95,-94,-95,-95,-94,-94,-98,-85,-81,-92,-236,-180,-202,-190,-171,-102,-97,-33,-282,-242,-234,-158,-161,-139,-198,-116,-172,-141,-149,-149,-142,-142,-336,-324,-335,0,0,0,0,0,0,0,0,0,0,0,0,0,0,0]} 1. e4 e5 2. Nf3 Nc6 3. Bb5 a6 4. Ba4 Nf6 5. O-O Be7 6. d3 d6 7. c3 O-O 8. Re1 Nd7 9. Be3 {C84: Closed Ruy Lopez: Unusual White 6th moves} Nb6 10. Bb3 Kh8 11. d4 {White is slightly better.} (11. Nbd2 f5 12. Bxb6 cxb6 13. exf5 Bxf5 14. d4 exd4 15. Nxd4 Nxd4 16. cxd4 Qd7 {0-1 (32) Anand,V (2783)-Caruana,F (2807) Saint Louis 2017}) 11... exd4 $146 ({Predecessor:} 11... Bg4 12. h3 Bh5 13. Nbd2 exd4 14. cxd4 d5 15. e5 f5 16. Nf1 f4 {0-1 (32) Dagkakis,P (2272)-Kapnisis,S (2418) Rhodes 2008}) 12. cxd4 d5 13. Nc3 {[%cal Rc3d5]} Be6 14. e5 (14. Ne5 $16) 14... Qd7 15. Ng5 ({Only move:} 15. h3 $1 $11) 15... Bf5 16. h3 h6 17. Nf3 Nc4 18. Qc1 Nb4 {Strongly threatening ...Nd3.} 19. Nxd5 $1 Nxe3 20. e6 (20. fxe3 $11 Nxd5 21. e4 {[%mdl 64] Double Attack}) 20... Qxd5 $17 21. Bxd5 Nexd5 22. exf7 Nd3 ({Better is} 22... Bd6 $15 23. Qc4 b5) 23. Qc4 $11 Nxe1 24. Rxe1 c6 25. Qb3 $1 {[%cal Rb3b7]} Rab8 ({Don't play} 25... Bb4 $6 26. Re5 $16) 26. Ne5 {aiming for g4.} Bd6 $36 {[%mdl 2048] Black fights for an advantage.} 27. Qg3 (27. f4 $11) 27... Bxe5 $1 $17 28. Rxe5 Bh7 $1 29. Re6 Rbd8 30. Rxh6 {[#]} Nf6 $1 31. Qh4 Rd6 32. Rxh7+ (32. Qf4 $17 {keeps fighting.} Re6 33. Rh4) 32... Nxh7 $19 33. Qe7 Rf6 ({Resist} 33... Rxd4 34. Qxb7 a5 35. Qc7 $17) 34. Qxb7 R8xf7 (34... R6xf7 $19 35. Qxa6 Rxf2) 35. Qxa6 $17 Rxf2 36. Qxc6 $2 (36. b4 $1 $15) 36... Rxb2 $19 37. a4 Rbb7 38. Qc8+ Nf8 39. h4 (39. a5 $17 {is a better defense.}) 39... Rbd7 ({Black should try} 39... Rb1+ $19 40. Kh2 Rb4) 40. Qe8 (40. Qc5 $17) 40... Kg8 41. Qe3 Rd5 42. Qb3 Rxd4 43. a5 $2 (43. g3 $17) 43... Rxh4 44. a6 {[#]} Rh6 $2 (44... Re4 $1 $19 45. Qa2 Ree7) 45. Qa2 $1 $11 {Black must now prevent a7.The position is equal.} Ne6 {Threatens to win with ...Ra7.} 46. a7 Nc7 47. a8=Q+ Nxa8 48. Qxa8+ Rf8 49. Qd5+ Kh8 50. Qe4 Rhf6 51. Qh4+ Kg8 {Accuracy: White = 43%, Black = 60%.} 1/2-1/2

[Event "III Copa Marcel Duchamp 2019"]
[Site "Montevideo"]
[Date "2019.02.15"]
[Round "8.2"]
[White "Rodriguez Vila, Andres"]
[Black "Roselli Mailhe, Bernardo"]
[Result "0-1"]
[WhiteElo "2486"]
[BlackElo "2434"]
[Annotator "TA"]
[PlyCount "120"]
[EventDate "2019.02.09"]
[EventType "swiss"]
[EventCountry "URU"]
[SourceTitle "playchess.com"]
[Source "ChessBase"]
[SourceQuality "1"]

{[%evp 18,120,41,42,54,24,55,25,53,41,64,35,43,26,27,26,29,20,32,25,38,32,51,39,74,67,68,25,25,21,21,21,21,21,21,21,21,14,14,0,0,-3,0,-12,-13,-20,-19,-21,-21,-28,-18,-186,-47,-35,0,-23,-23,-27,104,0,0,0,16,-151,-122,-187,-175,-199,-196,-193,-184,-750,-436,-461,-469,-450,-424,-1277,-1544,-1361,-1276,-1014,-917,-1891,-1638,-2253,-2112,-1969,-2015,-1260,-1650,-29981,-29982,-29977,-1973,-12812,-8933,-29973,-29975,-29974,-29977,-29977,-29978,-29978,-29978]} 1. d4 Nf6 2. c4 g6 3. Nc3 Bg7 4. e4 d6 5. Nf3 O-O 6. Be2 e5 7. O-O Qe8 8. d5 a5 9. Ne1 Na6 10. Nd3 b6 {E94: King's Indian: Classical: 6 Be2 e5 7 0-0: Various Black 7th moves} (10... Nd7 11. f3 f5 12. Bd2 Nac5 13. Nxc5 Nxc5 14. exf5 gxf5 15. f4 Bd7 16. Kh1 Qe7 17. fxe5 Bxe5 18. Bf4 Bxf4 19. Rxf4 Qe5 20. Qd4 Qxd4 21. Rxd4 Rae8 22. Kg1 Re5 23. Rf1 Na4 24. Rd2 {½-½ (24) Roiz,M (2625)-Nedobora,M (2384) Israel 2013}) 11. Bd2 $146 ({Predecessor:} 11. f3 Nc5 12. Nxc5 bxc5 13. a4 Nh5 14. g3 Bh3 15. Rf2 f5 16. Bf1 Bxf1 17. Qxf1 Nf6 18. Ra3 {1-0 (44) Babujian,L (2439)-Nalbandian,T (2505) Yerevan 2008}) 11... Bd7 12. Qc2 Nc5 {White has an edge.} 13. Nxc5 bxc5 14. a4 Qe7 15. Nb5 c6 16. dxc6 Bxc6 17. Bf3 Rfd8 18. Rfd1 Ne8 19. Bc3 Bh6 20. Qe2 Ra6 21. Qe1 Ng7 22. Bxa5 Rda8 23. Bc3 Ne6 24. b3 Nd4 25. Bxd4 exd4 26. Ra2 Re8 27. Re2 Raa8 28. Rd3 Qd7 29. g3 Bg5 30. Bg2 Bd8 31. f4 Ba5 32. Qf1 f6 33. h4 Rad8 34. Bh3 $2 {[#]} (34. Qf2 $11 {and White is okay.}) 34... Qg7 (34... f5 $1 $19 35. e5 dxe5 36. fxe5 Qg7) 35. Bg2 $15 Qd7 36. Kh2 Qb7 {[%cal Rc6e4]} 37. f5 Rxe4 ({Don't play} 37... Bxe4 $6 38. fxg6 Bxd3 39. Bxb7 $14) (37... Kg7 $11) 38. Rxe4 (38. fxg6 $16 Rxe2 39. gxh7+ (39. Qxe2 Bxg2 40. gxh7+ Kxh7 $16) 39... Kxh7 40. Qxe2 Bxg2 41. Qxg2 Qxg2+ 42. Kxg2) 38... Bxe4 $11 39. fxg6 hxg6 40. Bxe4 $2 (40. Qxf6 $11 Bxg2 41. Qxg6+ Kh8 42. Nxd6 Rxd6 43. Qxd6) 40... Qxe4 $17 41. Rf3 (41. h5 $17 {keeps fighting.}) 41... f5 $19 42. h5 Kg7 (42... gxh5 43. Rxf5 Qg4 44. Rf4 $11) 43. hxg6 Kxg6 {Threatens to win with ...Rh8+.} 44. Qd3 $2 {[#]} (44. Kg2) 44... Bd2 $1 {[%mdl 512]} 45. Kg2 (45. Qxd2 Qxf3) 45... Be3 46. Qxe4 fxe4 47. Rxe3 (47. Rf1 $142 Bd2 48. Nc7) 47... dxe3 {[%mdl 4096] Endgame KR-KN} 48. Kf1 Kf5 49. Ke2 Ke5 50. Na7 Ra8 51. Nb5 Rf8 52. Nc3 Rf2+ 53. Kxe3 Rb2 54. g4 Rxb3 55. Kd2 {[#]} Rb2+ (55... e3+ $142 $1 56. Kxe3 Rxc3+ {[%mdl 64] Double Attack} 57. Ke2 Rxc4 {[%mdl 64] Double Attack} 58. a5 Rxg4 59. Kd1 Rg2 60. a6 c4 61. a7 Ra2 62. a8=B Rxa8 63. Ke2 Kd4 64. Kf2 c3 65. Kg3 c2 66. Kg4 Rg8+ 67. Kf4 c1=Q+ 68. Kf5 Rg7 69. Kf6 Qg5+ 70. Ke6 Qg6#) 56. Ke3 Rc2 57. Nxe4 Rxc4 {[%mdl 64] Double Attack. Black mates.} 58. Nf2 Rxa4 59. Nd3+ Kf6 60. Nf2 Kg5 {Accuracy: White = 34%, Black = 56%.} 0-1

[Event "III Copa Marcel Duchamp 2019"]
[Site "Montevideo"]
[Date "2019.02.15"]
[Round "8.3"]
[White "Diaz Hollemaert, Nahuel"]
[Black "Mareco, Sandro"]
[Result "0-1"]
[WhiteElo "2426"]
[BlackElo "2664"]
[Annotator "TA"]
[PlyCount "72"]
[EventDate "2019.02.09"]
[EventType "swiss"]
[EventCountry "URU"]
[SourceTitle "playchess.com"]
[Source "ChessBase"]
[SourceQuality "1"]

{[%evp 12,72,1,9,26,23,27,-5,4,2,25,8,41,-23,-21,-22,-22,-31,-31,-31,-32,-43,-35,-41,-36,-35,-30,-53,-26,-66,-72,-105,-87,-94,-93,-212,-198,-282,-258,-285,-279,-309,-305,-380,-308,-411,-403,-527,-550,-907,-902,-1323,-1312,-1233,-1227,-11399,-6149,-2557,-1147,-29980,-29981,-29978,-29979]} 1. c4 e5 2. Nc3 Nf6 3. Nf3 Nc6 4. e3 Bb4 5. Qc2 d6 6. Nd5 {A28: English Opening: Four Knights Variation} (6. Ne2 a5 7. a3 Bc5 8. d4 Ba7 9. d5 Ne7 10. Ng3 O-O 11. Bd3 c6 12. dxc6 bxc6 13. O-O Ng6 {1-0 (52) Melkumyan,H (2668)-Sevian,S (2641) Saint Louis 2018}) 6... Bc5 7. a3 {LiveBook: 9 Games} a6 8. b3 $146 {White has an edge.} ({Predecessor:} 8. b4 Ba7 9. Bb2 Nxd5 10. cxd5 Ne7 11. Bc4 Bd7 12. O-O O-O {1-0 (31) Figler,I (2328)-Hellenschmidt,A (2018) New York 2003}) 8... Ba7 9. Nxf6+ (9. Bb2 {is interesting.} O-O 10. Bd3 h6 11. Nxf6+ Qxf6 12. Be4) 9... Qxf6 10. Bb2 Qe7 11. Bd3 Bd7 12. h3 (12. b4 $14) 12... Rf8 $11 13. b4 ({Of course not} 13. Bxh7 g6 $17) 13... f5 {...e4 is the strong threat.} 14. b5 e4 15. bxc6 Bxc6 16. Be2 exf3 17. Bxf3 Bxf3 18. gxf3 O-O-O 19. Qb3 c6 20. Rc1 Kb8 21. f4 g5 $1 22. fxg5 Qxg5 23. Qd1 (23. Kd1 $17 {might work better.}) 23... Qg2 $19 24. Ke2 {[#]} (24. Rf1 $142) 24... f4 $1 {[%cal Bf5f4,Bf4e3][%mdl 32] And now ...fxe3 would win.} 25. Qg1 {[#]} Qe4 $1 26. Qg4 {[#]} h5 $1 {[%mdl 512]} 27. f3 (27. Qxh5 fxe3) 27... Qe7 ({Less strong is} 27... hxg4 28. fxe4 fxe3 29. dxe3 $17) 28. Qg7 Rf7 29. Qg6 {intending e4.} fxe3 30. d3 {[#]} Rxf3 $1 {[%mdl 512]} 31. Rcf1 (31. Kxf3 Rf8+) 31... Rf2+ 32. Rxf2 exf2+ 33. Kd1 Re8 34. Kc2 Rf8 (34... Qe2+ $142 35. Kb3 Bc5) 35. Rf1 Qe2+ 36. Kb3 Bc5 {Precision: White = 27%, Black = 74%.} 0-1

[Event "III Copa Marcel Duchamp 2019"]
[Site "Montevideo"]
[Date "2019.02.15"]
[Round "8.4"]
[White "Bitelmajer, Martin"]
[Black "Hernandez Guerrero, Gilberto"]
[Result "1/2-1/2"]
[WhiteElo "2453"]
[BlackElo "2533"]
[Annotator "TA"]
[PlyCount "65"]
[EventDate "2019.02.09"]
[EventType "swiss"]
[EventCountry "URU"]
[SourceTitle "playchess.com"]
[Source "ChessBase"]
[SourceQuality "1"]

{[%evp 18,65,14,16,31,0,0,0,12,19,19,39,47,40,42,37,33,33,25,0,0,0,20,0,0,-16,-9,-10,-13,-22,0,8,8,8,9,11,33,0,71,0,0,0,0,0,0,0,0,0,0,0]} 1. d4 Nf6 2. c4 e6 3. g3 c5 4. d5 exd5 5. cxd5 d6 6. Nc3 g6 7. Bg2 Bg7 8. Nf3 O-O 9. O-O Re8 10. Bf4 Bf5 {A62: Modern Benoni: Fianchetto Variation without early ...Nbd7} 11. Bg5 h6 12. Bxf6 Qxf6 (12... Bxf6 13. Nd2 Bc8 14. Nc4 Bxc3 15. bxc3 b5 16. Nd2 Nd7 17. Re1 a5 18. Qc2 {½-½ (29) Tomashevsky,E (2702)-Svidler,P (2763) Palma de Mallorca 2017}) 13. Nd2 Na6 14. Nc4 $146 ({Predecessor:} 14. e4 Bd7 15. a4 Qd4 16. Re1 Nb4 17. Bf1 Bg4 18. Qxg4 Qxd2 {0-1 (50) Tsolakidou,S (2414)-Lalith,B (2547) Caleta 2019}) 14... Nc7 15. e4 b5 16. exf5 {[#] And now Ne3 would win.} bxc4 17. fxg6 Qxg6 18. Qa4 Rab8 19. Nd1 Qd3 20. Qc6 Nb5 {[%cal Bc7b5,Bb5d4,Bd4b3][%mdl 32]} 21. a4 Nd4 $1 {[%cal Rd4c6]} 22. Qxd6 Nb3 23. Ra3 Qe2 24. Qf4 Bxb2 25. Bf3 Qe5 26. Nxb2 Qxb2 27. Bh5 Rb7 {[#]} (27... Rf8 $11 28. Qxh6 (28. Bxf7+ Kg7 $11) 28... Qxa3 29. Qg5+ Kh8 30. Qf6+ Kg8 31. Qg5+ Kh8 32. Qf6+ Kg8 33. Qg5+) 28. Qxh6 (28. d6 $1 $16 {[%cal Rd6d7]} Rd8 29. Re1 (29. Qxh6 Qe5 $11)) 28... Qxa3 $11 {The position is equal.} 29. Qg5+ Kf8 30. Qh6+ Kg8 {Hoping for ...Qb2.} 31. Qg5+ Kf8 32. Qh6+ Kg8 {Threatens to win with ...Qb2.} 33. Qg5+ {Accuracy: White = 50%, Black = 79%.} 1/2-1/2

[Event "III Copa Marcel Duchamp 2019"]
[Site "Montevideo"]
[Date "2019.02.15"]
[Round "8.5"]
[White "Alonso, Salvador"]
[Black "Mussanti, Diego"]
[Result "1-0"]
[WhiteElo "2502"]
[BlackElo "2305"]
[Annotator "TA"]
[PlyCount "75"]
[EventDate "2019.02.09"]
[EventType "swiss"]
[EventCountry "URU"]
[SourceTitle "playchess.com"]
[Source "ChessBase"]
[SourceQuality "1"]

{[%evp 36,75,25,21,46,39,47,24,69,47,29,48,46,27,40,19,142,28,26,0,72,29,89,37,95,-104,0,0,0,0,0,0,0,0,0,0,72,73,963,545,29991,29992]} 1. e4 c5 2. Nf3 e6 3. d4 cxd4 4. Nxd4 Nc6 5. Nc3 d6 6. Be2 Nf6 7. O-O Be7 8. Kh1 O-O 9. f4 a6 10. Be3 Qc7 11. Qe1 Nxd4 12. Bxd4 b5 13. a3 Bb7 14. Qg3 Bc6 15. Rae1 Qb7 16. Bd3 b4 17. Nd1 bxa3 {B85: Sicilian Scheveningen: 6 Be2 a6, lines with early Be3} 18. bxa3 g6 19. Nf2 {[#] LiveBook: 28 Games} Rfb8 $146 {The position is equal.} ({Predecessor:} 19... Rfc8 20. Qh3 Qd7 21. Ba1 Bb5 22. e5 dxe5 23. fxe5 Nd5 24. Ne4 Bxd3 25. cxd3 {1-0 (37) Areshchenko,A (2654)-Fier,A (2616) Warsaw 2016}) 20. Qh3 Qd7 21. Ba1 Bb5 22. e5 dxe5 23. fxe5 Nh5 24. Ne4 Bxd3 (24... Bxa3 $2 25. Bxb5 axb5 26. Qxh5 $1 $18 {[%mdl 512]}) 25. cxd3 Qd5 (25... Rb3 $11 {keeps the balance.}) 26. Rf3 ({White should play} 26. Qf3 $16 Rf8 27. g4) 26... Rb3 $11 ({Don't blunder} 26... Bxa3 $2 27. g4 $18) 27. Ref1 {And now g4 would win.} Rxa3 (27... Rf8 $11) 28. Bb2 Rb3 $1 {[%cal Rb3b2] [#]} 29. Rxf7 (29. Bc3 $1 $16 Rf8 30. g4) 29... Rxd3 $14 {[%cal Bb3d3,Bd3d2,Bd2d1][%mdl 32]} 30. Ng3 $2 (30. Qg4 $16 Rf8 31. Rxf8+ Bxf8 32. Qe2) 30... Bg5 ({Black should try} 30... Ra7 $17 {...Rc7 is the strong threat.} 31. Bc1 Nxg3+ 32. hxg3 h5) 31. Qg4 $1 $11 Nxg3+ 32. hxg3 Bh6 {Hoping for ...Rd2.} 33. Qh4 Rd2 $1 {[%csl Gd2,LRb2,LRg2][%cal Rd5g2]} 34. R1f3 $40 {[%mdl 128] White has some attack.} Rd1+ $1 35. Kh2 Qc5 (35... Qd2 $11 {remains equal.}) 36. Rf2 $16 {[%mdl 1024] White has strong compensation.} ({Avoid the trap} 36. Qxh6 $2 Qg1+ 37. Kh3 Qh1+ 38. Kg4 Qxh6 $19) 36... Rf8 $2 {[%mdl 8192]} (36... Qe3 $16) 37. Qf6 $1 $18 {[%cal Rf6e6]} Re8 {[#]} 38. Rg7+ $1 {[%mdl 512] Precision: White = 46%, Black = 45%.} 1-0